Datum a čas kvízu
35
Celkem bodů
Celkový počet nahraných bodů na tomto kvízu bez doplňovacích otázek.
6.
Pořadí na kvízu
Konečné umístění týmu na tomto kvízu.
Zaznamenané odpovědi
| # | Otázka | Odpověď | Body | Výsledky |
|---|---|---|---|---|
| 1. | Vandalský čin, který se udál b... | mandala | 1 | |
| 2. | Novozélandští vědci zkoumali v... | úhoř | 0 | |
| 3. | Jak se jmenuje žena, významně... | Meda Mládková | 0 | |
| 4. | Vyhledávač letenek Kiwi již ne... | Kuba | 1 | |
| 5. | Katalánští policisté odhalili... | pěstírnu konopí | 1 | |
| 6. | V tomto tématu se podíváme na... | Mojžíš | 1 | |
| 7. | Zajímavým židovským svátkem je... | Ester | 0 | |
| 8. | Jak se nazývá osmidenní židovs... | Chanuka | 1 | |
| 9. | V této otázce nás nebude zajím... | Šestidenní válka | 0 | |
| 10. | Na závěr se vrátíme opět ke sv... | B | 1 |